ბათუმის შოთა რუსთაველის სახელმწიფო უნივერსიტეტის ბიბლიოთეკა

რაოდენობრივი კვლევის მეთოდები / (ბიბ.ჩანაწერი № 51417)

000 -ლიდერი
ფიქსირებული სიგრძის საკონტროლო ველი 01134nam a2200265Ia 4500
001 - საკონტროლო ნომერი
საკონტროლო ველი 18403
003 - საკონტროლო ნომრის იდენტიფიკატორი
საკონტროლო ველი GE_BSU
005 - ბოლო ოპერაციის თარიღი და დრო
საკონტროლო ველი 20250416151347.0
008 - ფიქსირებული სიგრძის მონაცემთა ელემენტები - ზოგადი ინფორმაცია
ფიქსირებული სიგრძის საკონტროლო ველი 181216s2011||||ge |||||||||||||| ||geo||
020 ## - წიგნის საერთაშორისო სტანდარტული ნომერი
International Standard Book Number 9789994050949
040 ## - კატალოგიზაციის წყარო
Transcribing agency GE_BSU
041 ## - ენის კოდი
Language code of text/sound track or separate title geo
080 ## - უნივერსალური ათობითი კლასიფიკაციის ინდექსი
Universal Decimal Classification number 510.22+519.4+517.5+330.4 ა-30
100 ## - მთავარი ჩანაწერი - პიროვნების სახელი
Personal name ავალიშვილი, მარიამ
9 (RLIN) 24839
245 ## - ცნობა სათაურის შესახებ
Title რაოდენობრივი კვლევის მეთოდები /
Statement of responsibility, etc მარიამ ავალიშვილი, გია ავალიშვილი.
264 ## - წარმოების, გამოცემის, დისტრიბუციის და სხვა ცნობები
გამოცემის, წარმოების, დისტრიბუციის... ადგილი თბილისი :
გამოცემის, წარმოების, დისტრიბუციის... სახელწოდება საქ. უნ-ტის გამ-ბა,
გამოცემის, წარმოების, დისტრიბუციის... თარიღი 2011.
300 ## - ფიზიკური აღწერა
Extent 94 გვ.:
Other physical details ცხრ.ნახ.;
Dimensions 29 სმ.
500 ## - ზოგადი შენიშვნა
General note დანართი: გვ. 91-94.
653 ## - INDEX TERM--UNCONTROLLED
Uncontrolled term სიმრავლეთა თეორია
653 ## - INDEX TERM--UNCONTROLLED
Uncontrolled term კომბინატორიკა
653 ## - INDEX TERM--UNCONTROLLED
Uncontrolled term ფინანსური მათემატიკა
653 ## - INDEX TERM--UNCONTROLLED
Uncontrolled term ფუნქციები
700 ## - ADDED ENTRY--PERSONAL NAME
Personal name ავალიშვილი, გ. (გია)
Relator term ავტორი
9 (RLIN) 24840
942 ## - ADDED ENTRY ELEMENTS (KOHA)
Koha item type წიგნი
Source of classification or shelving scheme
ეგზემპლარები
ჩამოწერის სტატუსი დაკარგული ეგზემპლარის სტატუსი კლასიფიკაციის წყარო ან თაროზე გაწყობის სქემა დაზიანების სტატუსი არ გაიცემა მუდმივი მდებარეობა (დაცვის ადგილი) ამჟამინდელი ადგილსამყოფელი თაროზე განთავსების ადგილი შეძენის თარიღი ღირებულება, შესყიდვის ნორმალური ფასი სრული შენახვის შიფრი შტრიხკოდი ბოლო ოპერაციის თარიღი ეგზემპლარის მიმდევრობითი ნომერი (კეტერი?) ფასის ძალაში შესვლის თარიღი ეგზემპლარის სახეობა საჯარო შენიშვნა
          ბათუმის შოთა რუსთაველის სახელმწიფო უნივერსიტეტის მთავარი ბიბლიოთეკა ბათუმის შოთა რუსთაველის სახელმწიფო უნივერსიტეტის მთავარი ბიბლიოთეკა წიგნსაცავი 2018-12-17 4.30 510.22+519.4+517.5+330.4 34 ქსეროქსი 2018-12-17 34 2018-12-17 წიგნი 4 ლ. 30 თ.